000 00614nam a2200241Ia 4500
003 OSt
005 20221005025012.0
006 a|||||r|||| 00| 0
007 ta
008 221004b |||||||| |||| 00| 0 eng d
024 _a34841
037 _cTextual
040 _aCRL
_cCRL
_beng
041 _2eng
_aeng
082 _a/\2y7M63x, J5
100 _aVivekananda
_939405
245 0 _aEast and the West
260 _aCalcutta
_bAdvaita Ashrama
_c1955
300 _a119
_ccm.
650 _aSPIRITUALISM
942 _h/\2y7M63x, J5
_cTEXL
_2cc
999 _c933949
_d933949